C ou C++ ? - Statistiques

Statistiques générales
  • Ce quiz a été pris 31 fois
  • Le résultat moyen est 7 sur 10
Statistiques - réponses
Hint Réponse % Correct
std::cout C++
80%
std::cin C++
77%
scanf() C
77%
malloc() C
73%
<stdio.h> C
73%
printf() C
70%
free() C
70%
new C++
67%
delete C++
67%
<iostream> C++
53%
Aucun quiz correspondant
Distribution des résultats
% des personnes avec chaque résultat
Percentile par nombre de réponses
Votre historique - résultats
Vous n’avez pas pris ce quiz